| 000 | 00547nam a2200217Ia 4500 | ||
|---|---|---|---|
| 008 | 210210b2016 xxu||||| |||| 00| 0 eng d | ||
| 020 | _a9788184874167 | ||
| 041 | _aeng | ||
| 082 | _a519.54 KALP | ||
| 100 | _aKALE (B K) | ||
| 245 | _aParametric inference: an introduction | ||
| 260 |
_aNew Delhi _bNarosa Publishing House _c2016 |
||
| 300 | _axi,200 | ||
| 650 | _aParametric | ||
| 650 | _ainference: | ||
| 650 | _aihntroduction | ||
| 650 | _aan | ||
| 690 | _aMathematical Statistics | ||
| 700 | _aMURALIDHARAN (K) | ||
| 906 | _a073044 | ||
| 999 |
_c122824 _d122824 |
||